MARC

LEADER 00000nam0a2200000 4500
001 204572
005 20231031190105.0
010 |a 5256008749 
020 |a RU  |b 91-41564 
035 |a (RuTPU)RU\TPU\book\222998 
090 |a 204572 
100 |a 20111128d1991 m a0rusy5003 ca 
101 0 |a rus 
102 |a RU 
105 |a a z 001zy 
200 1 |a Высокоскоростная передача сообщений в реальных каналах  |f В. В. Зяблов, Д. Л. Коробков, С. Л. Портной 
210 |a Москва  |c Радио и связь  |d 1991 
215 |a 287,[1] с.  |c ил.  |d 22 см 
320 |a Библиогр.: с. 276-285. (218 назв.) 
610 1 |a информация 
610 1 |a кодирование помехоустойчивое 
610 1 |a каналы связи 
610 1 |a передача 
610 1 |a сообщения 
675 |a 519.7  |z rus 
700 1 |a Зяблов  |b В. В.  |g Виктор Васильевич  |4 070 
701 1 |a Коробков  |b Д. Л.  |g Дмитрий Львович 
701 1 |a Портной  |b С. Л.  |g Сергей Львович 
801 0 |a RU  |b RuMRKP  |c 19950417  |g psbo 
801 1 |a RU  |b 63413507  |c 20111128 
801 2 |a RU  |b 63413507  |c 20111129  |g RCR 
942 |c BK